Welcome to CU Library Online Public Access Catalogue (OPAC)

Modern Law of Succession in Ghana (Record no. 149)

MARC details
000 -LEADER
fixed length control field 00335nam a22001337a 4500
005 - DATE AND TIME OF LATEST TRANSACTION
control field 20241023182537.0
008 - FIXED-LENGTH DATA ELEMENTS--GENERAL INFORMATION
fixed length control field 241023b |||||||| |||| 00| 0 eng d
020 ## - INTERNATIONAL STANDARD BOOK NUMBER
International Standard Book Number 9783110133127
100 ## - MAIN ENTRY--PERSONAL NAME
Personal name Kludze A.K.P.
245 ## - TITLE STATEMENT
Title Modern Law of Succession in Ghana
300 ## - PHYSICAL DESCRIPTION
Extent xxiv, 314 pages
Other physical details index
Dimensions 24cm
650 ## - SUBJECT ADDED ENTRY--TOPICAL TERM
Source of heading or term LAW
942 ## - ADDED ENTRY ELEMENTS (KOHA)
Source of classification or shelving scheme Library of Congress Classification
Koha item type Books
Suppress in OPAC No
999 ## -
-- 149
-- 149
Holdings
Withdrawn status Lost status Source of classification or shelving scheme Damaged status Not for loan Home library Current library Shelving location Date acquired Total checkouts Full call number Barcode Date last seen Copy number Price effective from Koha item type Collection
    Library of Congress Classification     Law Library (Christ Temple) Law Library (Christ Temple) General stacks 11/18/2024   KRX785.K71 KLU LLCT00000081 11/18/2024 1 11/18/2024 Books Non-fiction
    Library of Congress Classification     Law Library (Christ Temple) Law Library (Christ Temple) General stacks 11/18/2024   KRX785.K71 KLU LLCT00000565 04/15/2025 2 11/18/2024 Books Non-fiction
    Library of Congress Classification     Law Library (Miotso) Law Library (Miotso) Reference 10/23/2024   KRX785.K71 KLU LLM00000226 10/23/2024 1 10/23/2024 Books  
    Library of Congress Classification     Law Library (Miotso) Law Library (Miotso) Reference 11/14/2024   KRX785.K71 KLU LLM00000986 11/14/2024 2 11/14/2024 Books  
    Library of Congress Classification     Law Library (Miotso) Law Library (Miotso) Reference 11/14/2024   KRX785.K71 KLU LLM00000985 11/14/2024 3 11/14/2024 Books  
© 2023-2024 Copyright: Central University Libraries. All Rights Reserved | Created by: Mahone Tech Office